00230 a2200121 4500001000700000020000600007040001100013100002400024240002500048245002000073300000600093362000900099183033 a  cMagnum aPrates, Luiz Carlos10aIntermitêncialpor10aIntermitência a 0 a1983